Central Library OPAC University of Rajshahi

Forecasting volatility in the financial markets / (Record no. 58518)

MARC details
000 -LEADER
fixed length control field 00973nam a2200277 a 4500
001 - CONTROL NUMBER
control field 58518
003 - CONTROL NUMBER IDENTIFIER
rucl marc code BD-RjUL
005 - DATE AND TIME OF LATEST TRANSACTION
control field 20211209080630.0
008 - FIXED-LENGTH DATA ELEMENTS--GENERAL INFORMATION
fixed length control field 161218s1998 enka b 001 0 eng d
020 ## - INTERNATIONAL STANDARD BOOK NUMBER
International Standard Book Number 0750640812
035 ## - SYSTEM CONTROL NUMBER
System control number (BD-RjUL) 58642
040 ## - CATALOGING SOURCE
Original cataloging agency EQF
Transcribing agency EQF
Modifying agency UKM
-- BD-RjUL
Language of cataloging eng
041 ## - LANGUAGE CODE
Language code of text/sound track or separate title eng
082 00 - DEWEY DECIMAL CLASSIFICATION NUMBER
Classification number 332.632042
Edition number 23
Author mark and year FOR 1998
245 00 - TITLE STATEMENT
Title Forecasting volatility in the financial markets /
Statement of responsibility, etc. edited by John Knight, Stephen Satchell.
260 ## - PUBLICATION, DISTRIBUTION, ETC. (IMPRINT)
Place of publication, distribution, etc. Oxford ;
-- Boston :
Name of publisher, distributor, etc. Butterworth Heinemann,
Date of publication, distribution, etc. 1998.
300 ## - PHYSICAL DESCRIPTION
Pagination viii, 354 p. :
Illustrations ill. ;
Size 24 cm.
504 ## - BIBLIOGRAPHY, ETC. NOTE
Bibliography, etc Includes bibliographical references and index.
650 #0 - SUBJECT ADDED ENTRY--TOPICAL TERM
Topical term or geographic name as entry element Options (Finance)
General subdivision Mathematical models.
9 (RLIN) 173835
Topical term or geographic name as entry element Securities
General subdivision Prices
-- Mathematical models.
9 (RLIN) 173836
Topical term or geographic name as entry element Stock price forecasting
General subdivision Mathematical models.
9 (RLIN) 173837
700 1# - ADDED ENTRY--PERSONAL NAME
Personal name Knight, John L.
Personal name Satchell, S.
Fuller form of name (Stephen).
942 ## - ADDED ENTRY ELEMENTS (KOHA)
Source of classification or shelving scheme Dewey Decimal Classification
Koha item type Books
Holdings
Lost status Source of classification or shelving scheme Damaged status Not for loan Collection code Permanent Location Current Location Shelving location Date acquired Source of acquisition Cost, normal purchase price Total Checkouts Full call number Date last seen Copy number Koha item type
  Dewey Decimal Classification   Not For Loan Non-fiction Central Library, University of Rajshahi Central Library, University of Rajshahi Reading Room 03/01/2008 dhaka, paragon Enterprice ltd. 50.00   332.632042 FOR 1998 18/12/2016 C-1 Books